| 000 | 00484nam a2200193Ia 4500 | ||
|---|---|---|---|
| 005 | 20250603145137.0 | ||
| 008 | 250603s9999 xx 000 0 und d | ||
| 020 | _a978-981-12-8025-2 | ||
| 050 | _aHF 1359 .T46/ | ||
| 100 | _aThompson, Henry | ||
| 245 | 0 | _aInternational Economics: Global Market Competition | |
| 250 | _a5th ed. | ||
| 260 | _aNew Jersey | ||
| 260 | _bWorld Scientific Publishing | ||
| 260 | _c2024 | ||
| 300 | _a350 p | ||
| 650 | _aNew Jersey | ||
| 942 | _cBK | ||
| 999 |
_c41006 _d41006 |
||